Loading...
| History - European | 0 | 7 | 0 | 2 | 70 | 48 | 87.14 | 3 | 6 | 21.32 | 50.00 |
| History - Other | 0 | 6 | 0 | 0 | 60 | 30 | 72.00 | 2 | 6 | 26.32 | 40.00 |
| Science - Chemistry | 0 | 5 | 0 | 1 | 50 | 103 | 111.20 | 0 | 4 | 1.63 | 20.00 |
| Fine Arts - Painting and Sculpture | 0 | 5 | 0 | 1 | 50 | 36 | 86.00 | 2 | 3 | 16.20 | 35.00 |
| History - World | 0 | 5 | 1 | 1 | 45 | 61 | 84.20 | 3 | 4 | 18.45 | 40.00 |
| Science - Biology | 0 | 3 | 0 | 1 | 30 | 41 | 77.67 | 0 | 2 | 9.05 | 14.17 |
| History - American | 0 | 3 | 1 | 0 | 25 | 93 | 99.67 | 0 | 3 | 6.46 | 20.00 |
| Literature - European | 0 | 3 | 1 | 1 | 25 | 128 | 131.00 | 0 | 2 | 1.22 | 10.00 |
| Social Science | 0 | 2 | 0 | 0 | 20 | 77 | 83.00 | 1 | 1 | 4.21 | 12.50 |
| Fine Arts - Other | 0 | 2 | 0 | 0 | 20 | 138 | 140.50 | 0 | 1 | 0.00 | 7.50 |
| Literature - World | 0 | 2 | 0 | 0 | 20 | 109 | 124.50 | 0 | 1 | 1.93 | 7.50 |
| Mythology | 0 | 2 | 0 | 0 | 20 | 33 | 37.00 | 2 | 2 | 14.00 | 20.00 |
| Science - Other | 0 | 2 | 0 | 0 | 20 | 87 | 104.00 | 0 | 2 | 2.47 | 12.50 |
| Religion | 0 | 2 | 1 | 0 | 15 | 69 | 98.50 | 2 | 2 | 5.20 | 20.00 |
| Literature - British | 0 | 1 | 0 | 1 | 10 | 143 | 143.00 | 0 | 1 | 0.53 | 7.50 |
| Literature - American | 0 | 1 | 0 | 0 | 10 | 115 | 115.00 | 0 | 1 | 1.67 | 7.50 |
| Science - Physics | 0 | 1 | 0 | 1 | 10 | 108 | 108.00 | 0 | 1 | 0.00 | 3.33 |
| Popular Culture | 0 | 1 | 0 | 0 | 10 | 89 | 89.00 | 0 | 1 | 13.15 | 16.67 |
| Fine Arts - Classical Music | 0 | 0 | 0 | 0 | 0 | 0.00 | 0 | 0 | 0.00 | 0.00 |